Beiträge zur Histopathologic der juvenilen Paralyse mit besonderer Berücksichtigung der Steinerschen Myelopholiden und der kolloiden Degeneration des Gehirns

Elmentve itt :
Bibliográfiai részletek
Szerző: Juba Adolf
Dokumentumtípus: Cikk
Megjelent: 1932
Sorozat:Kolligátum
Kulcsszavak:Neurológia, Agyműködés
Online Access:http://misc.bibl.u-szeged.hu/25209
LEADER 00658nab a2200169 i 4500
001 misc25209
005 20191111110500.0
008 171019s1932 hu o 0|| ger d
040 |a SZTE Miscellanea Repozitórium  |b hun 
041 |a ger 
100 1 |a Juba Adolf 
245 1 0 |a Beiträge zur Histopathologic der juvenilen Paralyse mit besonderer Berücksichtigung der Steinerschen Myelopholiden und der kolloiden Degeneration des Gehirns  |h [elektronikus dokumentum] /  |c  Juba Adolf 
260 |c 1932 
300 |a 701-717 
490 0 |a Kolligátum 
695 |a Neurológia, Agyműködés 
856 4 0 |u http://misc.bibl.u-szeged.hu/25209/1/015_022_701-717.pdf  |z Dokumentum-elérés